| 000 | 00356nam a22001457a 4500 | ||
|---|---|---|---|
| 999 |
_c23452 _d23452 |
||
| 003 | NUST | ||
| 005 | 20190117060115.0 | ||
| 008 | 131031b xxu||||| |||| 00| 0 eng d | ||
| 020 |
_a039397121x _cAvailable |
||
| 038 | _aArshad | ||
| 082 |
_2519.5 _aDAV |
||
| 245 |
_aStatistics _cFreedman David |
||
| 260 |
_aLondon _bNorton & Company _c1998 |
||
| 942 |
_2ddc _cBK |
||